[Event "Schaffhausen op"]
[Site "Schaffhausen"]
[Date "2023.01.02"]
[Round "1"]
[White "Cattomio, Roberto"]
[Black "Boschetti, Claudio"]
[Result "0-1"]
[WhiteElo "1537"]
[BlackElo "1995"]
[PlyCount "62"]
[EventDate "2023.01.02"]
[EventType "swiss"]
[EventRounds "5"]
[EventCountry "SUI"]
[SourceTitle "CBM 212 Extra"]
[Source "ChessBase"]
[SourceDate "2023.03.31"]
[SourceVersion "1"]
[SourceVersionDate "2023.03.31"]
[SourceQuality "1"]

1. d4 d6 2. Nf3 g6 3. e3 Bg7 4. Be2 e6 5. 0-0 b6 6. c4 Bb7 7. Nc3 Nd7 8. Qc2 a6 9. Rd1 Ne7 10. d5 e5 11. e4 h6 12. b4 a5 13. bxa5 Rxa5 14. Bd2 0-0 15. Bd3 Nc5 16. Nb5 Ra8 17. Bb4 Bc8 18. Bxc5 bxc5 19. Nc3 Bg4 20. Be2 g5 21. Rdb1 Ng6 22. Nd2 Bd7 23. Bd1 f5 24. f3 Nf4 25. Ne2 g4 26. Ng3 fxe4 27. Qxe4 gxf3 28. Nxf3 Be8 29. Bc2 Bg6 30. Qxg6 Nxg6 31. Bxg6 e4 0-1

[Event "Adelboden op 8th"]
[Site "Adelboden"]
[Date "2022.12.11"]
[Round "5"]
[White "Cassens, Heiko"]
[Black "Boschetti, Claudio"]
[Result "1/2-1/2"]
[WhiteElo "1742"]
[BlackElo "1988"]
[PlyCount "93"]
[EventDate "2022.12.09"]
[EventType "swiss"]
[EventRounds "5"]
[EventCountry "SUI"]
[SourceTitle "CBM 211 Extra"]
[Source "ChessBase"]
[SourceDate "2023.01.31"]
[SourceVersion "1"]
[SourceVersionDate "2023.01.31"]
[SourceQuality "1"]

1. e4 e5 2. Nc3 Nf6 3. Nf3 Nc6 4. d4 exd4 5. Nxd4 Bb4 6. Nxc6 bxc6 7. Bd3 d5 8. exd5 Qe7+ 9. Qe2 cxd5 10. Qxe7+ Kxe7 11. 0-0 c6 12. Ne2 Bd6 13. Bf4 Be6 14. Rfe1 a5 15. Rad1 Rhb8 16. b3 a4 17. Bxd6+ Kxd6 18. Nd4 axb3 19. axb3 g6 20. Ra1 Bd7 21. f4 c5 22. Nf3 Be6 23. Ne5 Nd7 24. Nf3 h6 25. Nd2 f5 26. Kf2 Nf6 27. g3 Ne4+ 28. Bxe4 dxe4 29. Nf1 Kc6 30. Ne3 Rd8 31. Ke2 c4 32. bxc4 Kc5 33. Rxa8 Rxa8 34. Kd2 Bxc4 35. Nxc4 Kxc4 36. Re3 Rd8+ 37. Ke2 Rd6 38. Ra3 Rb6 39. Kd2 g5 40. Rc3+ Kd4 41. Rc8 gxf4 42. gxf4 e3+ 43. Ke2 Rb1 44. c3+ Ke4 45. Rc4+ Kd5 46. Rd4+ Kc5 47. Kxe3 1/2-1/2

[Event "Pfaeffikon Acrevis op 2nd"]
[Site "Pfaeffikon"]
[Date "2022.07.29"]
[Round "2"]
[White "Vionnet, Dominique"]
[Black "Boschetti, Claudio"]
[Result "0-1"]
[WhiteElo "1495"]
[BlackElo "2039"]
[PlyCount "70"]
[EventDate "2022.07.28"]
[EventType "swiss"]
[EventRounds "6"]
[EventCountry "SUI"]
[SourceTitle "EXT 2023"]
[Source "ChessBase"]
[SourceDate "2022.10.05"]
[SourceVersion "1"]
[SourceVersionDate "2022.10.05"]
[SourceQuality "1"]

1. e4 e5 2. Nf3 Nc6 3. Nc3 Nf6 4. d4 exd4 5. Nxd4 Bb4 6. Nxc6 bxc6 7. Bd3 d5 8. exd5 Qe7+ 9. Qe2 cxd5 10. Qxe7+ Kxe7 11. 0-0 c6 12. Re1+ Be6 13. a3 Bd6 14. Bd2 g6 15. h3 Nd7 16. b4 Nb6 17. Re2 Rhe8 18. b5 c5 19. Ree1 c4 20. Bf1 Kf6 21. a4 Kg7 22. a5 Nd7 23. Ne2 Be5 24. c3 Nc5 25. Nd4 Bxd4 26. cxd4 Nb3 27. Rad1 Rab8 28. b6 axb6 29. axb6 Rxb6 30. Bc3 Ra8 31. Bxc4 Rc6 32. Bxb3 Rxc3 33. Rb1 Rb8 34. Re3 Rc7 35. Bc2 Rxb1+ 0-1

[Event "Engelberg op 2nd"]
[Site "Engelberg"]
[Date "2022.06.19"]
[Round "4"]
[White "Pogan, Nikolas"]
[Black "Boschetti, Claudio"]
[Result "1/2-1/2"]
[WhiteElo "2230"]
[BlackElo "2007"]
[PlyCount "163"]
[EventDate "2022.06.17"]
[EventType "swiss"]
[EventRounds "5"]
[EventCountry "SUI"]
[SourceTitle "EXT 2023"]
[Source "ChessBase"]
[SourceDate "2022.10.05"]
[SourceVersion "1"]
[SourceVersionDate "2022.10.05"]
[SourceQuality "1"]

1. d4 Nf6 2. Nf3 b5 3. c3 e6 4. Qb3 a6 5. a4 bxa4 6. Rxa4 d6 7. g3 Nbd7 8. Bg2 Rb8 9. Qc2 Be7 10. 0-0 0-0 11. Nbd2 c5 12. Ra2 Bb7 13. e4 Qc7 14. Re1 cxd4 15. Nxd4 Rfc8 16. N2b3 d5 17. exd5 Nxd5 18. Qe2 Nf8 19. Na5 Ba8 20. Bd2 Rb6 21. Bf1 Bf6 22. Nc4 Bxd4 23. cxd4 Rc6 24. b3 Qb8 25. Ra3 Nb4 26. Bf4 Qa7 27. Qd2 Nd5 28. Bd6 Nd7 29. Rea1 Bb7 30. h4 h6 31. Bg2 N7f6 32. Bc5 Qb8 33. b4 Rd8 34. Na5 Rcc8 35. Nxb7 Qxb7 36. Rxa6 Qb8 37. Qe1 Nd7 38. Bd6 Qb7 39. Ra7 Qc6 40. Be7 Nxe7 41. Bxc6 Nxc6 42. b5 Nxd4 43. Kg2 Nxb5 44. Rb7 Nd6 45. Rbb1 Nf5 46. Rd1 Rc7 47. Rac1 Ra7 48. Ra1 Rb7 49. Rd2 Rdb8 50. Rad1 Nf6 51. Rd8+ Kh7 52. Rxb8 Rxb8 53. Qe5 Rb4 54. Rd2 Rg4 55. Kh3 h5 56. Ra2 Re4 57. Qc7 Nh6 58. Qc2 g6 59. Ra8 Re5 60. Qc8 Nfg8 61. Qf8 Rf5 62. Kg2 g5 63. hxg5 Rxg5 64. Kh3 Rd5 65. Rd8 Rf5 66. Kg2 Rg5 67. Kf1 Rf5 68. Rc8 Kg6 69. Rc5 Rxc5 70. Qxc5 Nf6 71. Kg2 Nf5 72. Qc8 h4 73. gxh4 Nxh4+ 74. Kh3 Nf5 75. Qa8 Nd5 76. Qg8+ Kf6 77. Qh8+ Ke7 78. Kg4 Nf6+ 79. Kf4 Nd5+ 80. Kf3 Nf6 81. Kf4 Nd5+ 82. Kf3 1/2-1/2

[Event "Engelberg op 2nd"]
[Site "Engelberg"]
[Date "2022.06.17"]
[Round "1"]
[White "Boschetti, Claudio"]
[Black "Christen, Michael"]
[Result "1-0"]
[WhiteElo "2007"]
[BlackElo "1453"]
[PlyCount "69"]
[EventDate "2022.06.17"]
[EventType "swiss"]
[EventRounds "5"]
[EventCountry "SUI"]
[SourceTitle "EXT 2023"]
[Source "ChessBase"]
[SourceDate "2022.10.05"]
[SourceVersion "1"]
[SourceVersionDate "2022.10.05"]
[SourceQuality "1"]

1. e4 c5 2. Nf3 d6 3. c3 Nf6 4. Bc4 Nc6 5. d3 Bg4 6. 0-0 e6 7. h3 Bh5 8. Re1 Be7 9. Nbd2 0-0 10. Bb3 b5 11. g4 Nxg4 12. hxg4 Bxg4 13. Nf1 Bh4 14. N1h2 Bh5 15. Qd2 Ne5 16. Nxh4 Qxh4 17. Re3 Bf3 18. Nxf3 Qg4+ 19. Kf1 Nxf3 20. Rxf3 Qxf3 21. Qe3 Qxe3 22. Bxe3 a5 23. Kg2 a4 24. Bd1 f5 25. exf5 Rxf5 26. Bg4 Rf6 27. Bg5 Rg6 28. f4 h6 29. Bh5 Kh7 30. Bxg6+ Kxg6 31. Be7 Ra6 32. Kf3 Kf5 33. Rg1 g6 34. Bf8 h5 35. Bg7 1-0

[Event "Davos Challenge op"]
[Site "Davos"]
[Date "2022.06.03"]
[Round "1"]
[White "Boschetti, Claudio"]
[Black "Peng, Li Min"]
[Result "0-1"]
[WhiteElo "2007"]
[BlackElo "2503"]
[PlyCount "70"]
[EventDate "2022.06.03"]
[EventType "swiss"]
[EventRounds "7"]
[EventCountry "SUI"]
[SourceTitle "CBM 208 Extra"]
[Source "ChessBase"]
[SourceDate "2022.07.31"]
[SourceVersion "1"]
[SourceVersionDate "2022.07.31"]
[SourceQuality "1"]

1. e4 e6 2. Nf3 d5 3. Nc3 Nf6 4. e5 Nfd7 5. d4 Be7 6. h4 h6 7. Ne2 c5 8. c3 Nc6 9. a3 Qb6 10. Nf4 cxd4 11. cxd4 Nf8 12. Bd3 Bd7 13. Rb1 Nxd4 14. Nxd4 Qxd4 15. Qe2 Rc8 16. Nh5 Ng6 17. Be3 Qxe5 18. f4 Qd6 19. Nxg7+ Kf8 20. Nh5 d4 21. Bd2 f5 22. Bb4 Qc7 23. Bxe7+ Kxe7 24. 0-0 Rhg8 25. Kh2 Kf7 26. Qf2 Qd6 27. Rbe1 Bc6 28. Re2 Rce8 29. Rd1 Qd8 30. Kh3 Bxg2+ 31. Kxg2 Nxf4+ 32. Kf1 Nxh5 33. Bc4 Ng3+ 34. Ke1 Nxe2 35. Kxe2 Qf6 0-1

[Event "Lugano Paradiso op 19th"]
[Site "Lugano"]
[Date "2022.05.07"]
[Round "2"]
[White "Sforza, Michelangelo"]
[Black "Boschetti, Claudio"]
[Result "1-0"]
[WhiteElo "1824"]
[BlackElo "2041"]
[PlyCount "99"]
[EventDate "2022.05.06"]
[EventType "swiss"]
[EventRounds "5"]
[EventCountry "SUI"]
[SourceTitle "CBM 208 Extra"]
[Source "ChessBase"]
[SourceDate "2022.07.31"]
[SourceVersion "1"]
[SourceVersionDate "2022.07.31"]
[SourceQuality "1"]

1. e4 Nf6 2. e5 Nd5 3. Nc3 Nb6 4. Nf3 d5 5. exd6 exd6 6. d4 Be7 7. Be2 Bf5 8. 0-0 0-0 9. Be3 d5 10. Rc1 c6 11. Nb1 N8d7 12. Nbd2 Na4 13. Rb1 Bd6 14. Bg5 f6 15. Be3 b5 16. Nh4 Be6 17. Nhf3 g5 18. Bd3 g4 19. Nh4 f5 20. Nxf5 Bxf5 21. Bxf5 Bxh2+ 22. Kh1 Rxf5 23. Qxg4+ Kh8 24. Qxf5 Bd6 25. Bg5 Qe8 26. Bf6+ Kg8 27. Qg5+ Qg6 28. Qxg6+ hxg6 29. Bg5 Kf7 30. f4 c5 31. c3 b4 32. cxb4 cxd4 33. a3 Nf8 34. f5 Bc7 35. Rbe1 Bd8 36. fxg6+ Kxg6 37. Rxf8 Bxg5 38. Rxa8 Bxd2 39. Re2 Bc1 40. Rxa7 d3 41. Ra6+ Kf5 42. Rf2+ Ke4 43. Rxa4 Be3 44. b5+ d4 45. Rf1 d2 46. b6 Kd3 47. b7 Bf4 48. Rxd4+ Kxd4 49. Rxf4+ Ke3 50. Rf1 1-0